000
00290nam a22001337a 4500
008
170823b xxu||||| |||| 00| 0 eng d
020
_a
9780321437266
041
_a
eng
080
_2
10TH
_a
51
100
_a
38
101
_a
MAT
245
_a
BEGININNG ALGEBRA
_c
LIAL,M.L
942
_2
udc
_c
BK
999
_c
24605
_d
24605